000 00853nam a2200229 4500
005 20241114103918.0
008 220906b ||||| |||| 00| 0 eng d
020 _a9789718218501
082 _aDFil 375.001 B868 2019
100 _aAbao, Ethel L.
_945887
245 _aBuilding and enhancing new literacies across the curriculum /
_cEthel L. Abao and four others.
260 _aMalabon City :
_bMutya Publishing inc.,
_c©2019.
300 _a161 pages :
_billustrations ;
_c25 cm.
500 _aIncludes bibliographical references.
650 _aCurriculum planning.
_945888
650 _aCurriculum development.
_945889
700 _aAlda, Rivika C.
_eauthor.
_945890
700 _aBacus, Remedios C.
_eauthor.
_945832
700 _aDayagbil, Filomena T.
_eauthor.
_945891
700 _aMananay, Alberto A., Jr.
_eauthor.
_945892
942 _2ddc
_cDFIL
999 _c17254
_d17254